banner-ar

شواهد قبور ذرية الرسول (ص) فى بلاد الحرمين الشريفين / (Record no. 65798)

MARC details
000 -الفاتح
حقل البيانات ثابتة الطول 01066nam a22002537a 4500
005 - وقت وتاريخ اخر تعامل مع التسجيلة
رقم الضبط 20240530110843.0
008 - عناصر البيانات ثابتة الطول - معلومات عامة
حقل البيانات ثابتة الطول 200912s2019 ua a f b 000 0dara d
017 ## - رقم الايداع القانونى
رقم الايداع القانونى 3507
المصدر ( الهيئة المختصة) مصر. دار الكتب
020 ## - الرقم الدولى المعيارى للكتب
الرقم الدولى المعيارى للكتاب 9789773145323
040 ## - مصدر الفهرسة
وكالة الفهرسة الأصلية EG-CaGPL
وكالة النسخ EG-CaGPL
082 04 - رقم تصنيف ديوى العشرى
رقم الطبعة 21
رقم التصنيف 929.5\
رقم المادة ض ش
100 0# - المدخل الرئيسى - إسم شخصى
الإسم الشخصى ضياء قللى العنقاوى
245 10 - بيان العنوان
العنوان شواهد قبور ذرية الرسول (ص) فى بلاد الحرمين الشريفين /
بيان المسئوليه,etc ضياء قللى العنقاوى
رقم الجزء/قسم العمل الجزء الاول .
اسم جزء/قسم العمل منطقة مكة المكرمة
250 ## - بيان الطبعة
بيان الطبعة ط.1
260 ## - PUBLICATION, DISTRIBUTION, ETC. (IMPRINT)
تاريخ النشر أو التوزيع 2019
300 ## - الوصف المادى
التعداد 325 ص. ؛
أبعاد الوعاء 24 سم.
504 ## - تبصرة ببليوجرافية
تبصرة ببليوجرافية,الخ يشتمل على ارجاعات ببليوجرافية
650 07 - المدخل الاضافى بالموضوع-مصطلح موضوعى
مصطلح موضوعي شواهد القبور
مصدر الرأس أو المصطلح qrmak
650 07 - المدخل الاضافى بالموضوع-مصطلح موضوعى
مصطلح موضوعي شواهد القبور
التقسيم الفرعي الجغرافي مكة المكرمة
650 07 - المدخل الاضافى بالموضوع-مصطلح موضوعى
مصطلح موضوعي شواهد قبور ذرية الرسول
651 07 - المدخل الاضافى بالموضوع - اسم جغرافى
مصدر الرأس أو المصطلح qrmak
الاسم الجغرافي السعودية
التقسيم الفرعي العام وصف ورحلات
942 ## - عناصر المدخل الإضافي( كوها)
مصدر التصنيف او مخطط الترفيف Dewey Decimal Classification
Koha [default] item type كتاب
260 ## - PUBLICATION, DISTRIBUTION, ETC. (IMPRINT)
-- القاهرة :
-- مكتبة زهراء الشرق ،
Holdings
حالة التراجع حالة الفقد حالة تلف ليس للاعارة المكان المؤقت الموقع الحالى موقع الترفيف تاريخ الاكتساب اجمالي اﻻعارات رقم الطلب الباركود تاريخ اخر مشاهدة تاريخ تفعيل السعر نوع وعاء كوها
        مكتبة القاهرة الكبرى مكتبة القاهرة الكبرى القاعة الرئيسية 10/03/2020   929.5\ ض ش 166919 10/03/2020 10/03/2020 كتاب

Powered By

EGPV